000 00340nam a2200121Ia 4500
008 220214s9999 xx 000 0 und d
245 0 _aRUBBER AND PLASTICS AGE
260 _bRubber and Technical Press Limited, London
_aUK
310 _aM
500 _aEnding Volume & Year: 50, 1969
500 _aStarting Volume & Year: 42, 1961
942 _cBJ
999 _c677
_d677